00565nam a2200145Ia 4500100001700000942000700017654001900024245003100043260003600074300000800110546001200118999001700130952013600147952013600283 aMyers/ G.E.  cBK athermodynamics aEngineering thermodynamics bprentice hallaNew Jerseyc1989 a875 aENGLISH c29793d29793 001040708CRCaCRCEbCRCEd2023-03-17eProgressive Booksg366.85i2056 dt 05.9.92l0o p3819r2023-03-17v366.85w1992-09-05yBK 001040708CRCaCRCEbCRCEd2023-03-17eProgressive Booksg366.85i2056 dt 05.9.92l0o p3820r2023-03-17v366.85w1992-09-05yBK